02513cam a2200301 i 4500020001800000020001500018040000800033082002600041100003100067245006600098250001900164300005200183520156900235650002401804650002801828650003001856650002401886650002001910650002401930650001201954650001501966650001101981650002501992650001302017942001002030999001702040952015402057 a9780323569040 a0323569048 cNLM00a636 ELS 2020 A006 Or.1 aHoltgrew-Bohling, Kristin,10aLarge animal clinical procedures for veterinary technicians / aFourth edition aviii, 711 pages :bcolor illustrations ;c28 cm a"Master the role of the veterinary technician in large animal care! A must-have text for all veterinary technology students, this book is a comprehensive guide that describes the veterinary technician's responsibilities in daily livestock care and hospital management. Included are separate sections on horses, cattle, sheep and goats, poultry, pigs, and llamas and alpacas, covering husbandry, clinical procedures, surgical procedures, and common diseases for each. You will learn how to set up, assist, and follow through on medical procedures and treatment regimens for domestic large animals, preparing you for both certification examinations and everyday practice. New features include tables on temperature, pulse, respiration (TPR) data and vaccine schedules which provide a quick, at-a-glance reference for important information. Expanded regulatory information for livestock provides details on OCV vaccination, health certificate forms, brucellosis and tuberculosis testing, and scrapie tags. Detailed coverage of poultry now found in print. Practical guidelines include a description of diagnostic, medical, and surgical procedures in terms of the veterinary technician's responsibilities, helping you assist the veterinarian efficiently and effectively. Full-color photographs and line drawings show step-by-step procedures in areas such as restraint, bandaging, physical examination techniques, and diagnostic procedures. Proper medical terminology is included in the glossary, helping you communicate effectively with clients."--taken from back cover 0aVeterinary medicine 0aVeterinary therapeutics 0aAnimal health technicians12aVeterinary Medicine22aAnimal Diseases22aAnimal Technicians.22aHorses.22aRuminants.22aSwine.22aCamelids, New World.22aPoultry. cAEDBB c20784d20784 0010406636_000000000000000_ELS_2020_A035_OR70992297aLBAbLBAcA035d2022-11-30l1o636 ELS 2020 A035 Or.pa070210r2024-01-04s2023-12-21yAEDBB